000 00321nam a22001337a 4500
008 180927b xxu||||| |||| 00| 0 eng d
020 _a0387902392
041 _aeng
080 _a615.83
100 _a8
101 _aekz
245 _aRdiologic Examination Orhypopharynx And Esophagus
_cZaino.C
942 _2udc
_cBK
999 _c48632
_d48632